000 00604nam a2200253Ia 4500
005 20260121154753.0
008 008 260114s9999 xx 000 0 eng d
020 _a9780429424120
037 _aEBOOK
040 _aCRL
040 _beng
040 _cCRL
041 _2eng
041 _aeng
084 _qCRL
100 _a Katrine Smiet
_91011287
245 0 _aSojourner Truth and Intersectionality
260 _bTaylor and Francis
260 _c2021
856 _uhttp://www.taylorfrancis.com/books/9780429424120
942 _cEBOOK
999 _c1578108
_d1578108